Rok śmierci z pięcioletnim marginesem błędu - Statystyki

Ogólne statystyki
  • Ten quiz został rozwiązany 3 715 razy
  • Średni wynik to 7 z 20
Statystyki odpowiedzi
Osoba Rok % Poprawnych
Królowa Elżbieta II 2022
99%
Michael Jackson 2009
83%
Tupac Shakur 1996
61%
Diana (księżna Walii) 1997
50%
John F. Kennedy 1963
49%
Jan Paweł II 2005
47%
Franklin D. Roosevelt 1945
45%
Kobe Bryant 2020
36%
Wisława Szymborska 2012
32%
Wojciech Jaruzelski 2014
30%
Elvis Presley 1977
23%
Amy Winehouse 2011
22%
Heath Ledger 2008
21%
John Lennon 1980
19%
Kurt Cobain 1994
19%
Czesław Miłosz 2004
19%
Albert Einstein 1955
17%
Winston Churchill 1965
14%
Marilyn Monroe 1962
12%
Carrie Fisher 2016
12%
Nie znaleziono quizów pasujących do podanych kryteriów
Rozkład punktacji
Procent ludzi z każdym wynikiem
Percentyl według liczby udzielonych odpowiedzi
Twoja historia wyników
Nie rozwiązałeś tego quizu